| 000 | 00522nam a2200157Ia 4500 | ||
|---|---|---|---|
| 008 | 160316s1995 xxu||||| |||| 00| 0 eng d | ||
| 082 |
_a333.950000 _bGLO |
||
| 100 | _aGlowka Lyle | ||
| 245 | _aDetermining access to genetic resources and ensuring benefit-sharing: Legal and institutional considerations for states providing genetic resources | ||
| 250 | _a | ||
| 260 |
_aGermany _bIUCN Environmental Law Centre _c1995 |
||
| 300 |
_a3 _b _c |
||
| 365 | _b | ||
| 650 | _a1. Genetic resources - biodiversity | ||
| 700 |
_a _a |
||
| 999 |
_c37457 _d37457 |
||